000 00622nam a2200217 i 4500
001 C2-0236985
003 PPAK
005 20180727200624.0
008 011027s2000 my |||| ||||| | may d
040 _aPPAK
_beng
_cPPAK
_erda
082 0 4 _a320
_223
090 0 0 _a320
_bPOL
_dKK
245 0 0 _aPolitik (Keratan Akhbar Koleksi Kedah)
264 1 _aAlor Setar, Kedah :
_bPerbadanan Perpustakaan Awam Kedah ,
_c2000 (Mei)
300 _a85 pages ;
_c33 cm
336 _2rdacontent
_atext
337 _2rdamedia
_aunmediated
338 _2rdacarrier
_avolume
650 1 0 _aMalaysia- Politics and government
942 _ddc
_cB
999 _c52711
_d52711